| 000 | 00631nam a22002177a 4500 | ||
|---|---|---|---|
| 005 | 20200313135100.0 | ||
| 008 | 200313b xxu||||| |||| 00| 0 eng d | ||
| 020 |
_a9780241325438 _c₹ 999 |
||
| 040 | _beng | ||
| 041 | _aEnglish | ||
| 082 |
_a330 _bALD |
||
| 100 | _aAldred, Jonathan | ||
| 245 |
_aLicence to be bad _bHow economics corrupt us _cJonathan Aldred |
||
| 260 |
_aUK _bPenguin Random House (Allen Lane) _c2019 |
||
| 300 |
_a310p _b25 cm |
||
| 504 | _aIncludes references and index | ||
| 650 |
_aEconomics _vSociological aspects |
||
| 650 |
_aEconomics _vMoral and ethical aspects |
||
| 850 | _aLCLIB | ||
| 942 | _cBK | ||
| 999 |
_c42678 _d93157 |
||